000 00797nam a22001577a 4500
003 OSt
005 20160206151215.0
008 160206b xxu||||| |||| 00| 0 eng d
040 _cRUA
082 _aMGR VON 2004 B375 Or.1
100 _96945
_aVON MONIN; វន មុនិន្ទ
245 _aThe study of chinese new year tree (Ochna interre gima) used and the rehabilitation plan of this kind of tree species in kampong speu province, ការសិក្សាការប្រើប្រាស់ប្រភេទឈើអង្គាសីល និងគោលការណ៍ស្ដារនូវប្រភេទនេះ នៅក្នុងខេត្តកំពង់ស្ពឺ
260 _aPhnom Penh
_bRUA
_c2004
300 _ax ; 90p.
_bill.
_c29cm.
942 _2ddc
_cNRM
999 _c6534
_d6534